000 01261nab a22002537a 4500
999 _c6438
_d6438
003 OSt
005 20260203104309.0
008 190429b xxu||||| |||| 00| 0 spa d
040 _cPJ
100 _aReyes, Analía V.
_97065
245 1 0 _aArgentina :
_bsistema modelo de juicio por jurados con perspectiva de géneros /
_cAnalía V. Reyes.
260 _cCiudad Autónoma de Buenos Aires :
_aThomson Reuters La Ley,
_b2023.
300 _ap. 110-130
500 _aCita Online: AR/DOC/2267/2023.
505 _aSumario: I. Planteo del tema: la trascendencia del veredicto del jurado en el caso "M. B.".— II. El fallo de la Corte mendocina que validó las instrucciones con perspectiva de géneros.
505 _aFallo comentado: SC Mendoza, sala II ~ 03/07/2023 ~ F. c. C. R., D. J. s/ homicidio agravado.
505 _tSi te interesa el texto completo, solicitalo a koha@justierradelfuego.gov.ar
650 0 _9343
_aDERECHO PENAL
650 0 _92913
_aHOMICIDIO
650 0 _94044
_aPERSPECTIVA DE GÉNERO
650 0 _94305
_aDERECHO A LA IDENTIDAD DE GÉNERO
773 0 _02658
_93164
_tRevista de derecho penal y criminología. Nº 11 - Diciembre 2023
_dCiudad Autónoma de Buenos Aires : Thomson Reuters La Ley, 2017-
_x00347914
942 _2udc
_cANA